[Event "Hull CC ch A"]
[Site "Gatineau CAN"]
[Date "2006.03.07"]
[Round "3"]
[White "Groleau, Gilles"]
[Black "Arsenault, Michel"]
[Result "0-1"]
[WhiteElo "1975"]
[BlackElo "1980"]
[PlyCount "84"]
[EventDate "2006.02.08"]
[EventType "tourn"]
[EventRounds "5"]
[EventCountry "CAN"]

1. e4 c5 2. Nc3 Nc6 3. f4 g6 4. Nf3 Bg7 5. Bb5 Nd4 6. O-O Nxb5 7. Nxb5 Nf6 8.
d3 a6 9. Nc3 O-O 10. Qe1 d5 11. e5 Ne8 12. Qh4 f6 13. Bd2 Be6 14. Rae1 Qd7 15.
Re2 Nc7 16. h3 b5 17. g4 a5 18. Rg2 b4 19. Ne2 d4 20. Ng3 Bd5 21. Ne4 fxe5 22.
fxe5 Bxe4 23. dxe4 Ne6 24. Rgf2 Rf7 25. Ng5 Nxg5 26. Bxg5 Rxf2 27. Rxf2 Re8 28.
Qg3 Qe6 29. Bf4 Rf8 30. b3 Ra8 31. Kg2 a4 32. h4 c4 33. g5 c3 34. Qh3 Qxh3+ 35.
Kxh3 axb3 36. axb3 d3 37. cxd3 Ra3 38. e6 Rxb3 39. Bd6 c2 40. Bf4 Rxd3+ 41. Kg4
b3 42. Bc1 Rd1 0-1

[Event "Hull CC ch A"]
[Site "Gatineau CAN"]
[Date "2006.03.14"]
[Round "4"]
[White "Forget, David"]
[Black "Arsenault, Michel"]
[Result "0-1"]
[WhiteElo "1969"]
[BlackElo "1980"]
[PlyCount "84"]
[EventDate "2006.02.08"]
[EventType "tourn"]
[EventRounds "5"]
[EventCountry "CAN"]

1. d4 Nf6 2. c4 e6 3. Nc3 Bb4 4. Bg5 c5 5. d5 d6 6. e3 exd5 7. cxd5 Nbd7 8. Bd3
Qa5 9. Nge2 Nxd5 10. O-O Bxc3 11. bxc3 c4 12. Bxc4 N5b6 13. Bxf7+ Kxf7 14. Bf4
Qd5 15. Bxd6 Qxd1 16. Rfxd1 Nc4 17. Bg3 Ndb6 18. Rd4 Re8 19. Nf4 Bf5 20. a4
Red8 21. a5 Rxd4 22. cxd4 Nd7 23. Nd5 Rc8 24. Rc1 Nf6 25. Nc7 Nxa5 26. Rc5 b6
27. Rxf5 Kg6 28. Rf4 Nd5 29. Rg4+ Kf7 30. Be5 g6 31. Rh4 Kg8 32. Kf1 Nxc7 33.
Rf4 Nd5 34. Rf3 Rf8 35. Rxf8+ Kxf8 36. e4 Ne7 37. d5 Nc8 38. Ke2 Ke7 39. Kd3
Nd6 40. f4 Nb3 41. Bc3 Nc5+ 42. Ke3 Ncxe4 0-1

[Event "Hull CC ch A"]
[Site "Gatineau CAN"]
[Date "2006.03.14"]
[Round "4"]
[White "Mai, Lloyd"]
[Black "Gagnon, Fabien"]
[Result "1/2-1/2"]
[WhiteElo "2100"]
[BlackElo "2015"]
[PlyCount "173"]
[EventDate "2006.02.08"]
[EventType "tourn"]
[EventRounds "5"]
[EventCountry "CAN"]

1. e4 c5 2. Nf3 Nc6 3. d4 cxd4 4. Nxd4 g6 5. c4 Bg7 6. Be3 Nf6 7. Nc3 O-O 8.
Be2 d6 9. O-O Bd7 10. f3 Qb6 11. Nf5 Qxb2 12. Na4 Qa3 13. Bc1 Qb4 14. Bd2 Qa3
15. Bc1 Qb4 16. a3 Qa5 17. Bd2 Qc7 18. Nxg7 Kxg7 19. Nc3 Nd4 20. Bd3 e5 21. Be3
Ne6 22. Nb5 Bxb5 23. cxb5 d5 24. Qd2 Rfd8 25. exd5 Rxd5 26. Bh6+ Kg8 27. Qe3
Qc5 28. Qxc5 Rxc5 29. Rfc1 Rac8 30. a4 Rxc1+ 31. Rxc1 Rxc1+ 32. Bxc1 Nc5 33.
Bc2 Nfd7 34. Kf2 Kf8 35. Ke3 Ke7 36. f4 Ke6 37. a5 Kd5 38. Bb1 Kc4 39. Ba2+
Kxb5 40. Bxf7 exf4+ 41. Kd4 Kxa5 42. Bxf4 Kb6 43. Kc4 g5 44. Bxg5 Ne5+ 45. Kd5
Nxf7 46. Be3 Kb5 47. Bxc5 a5 48. Be7 Nh6 49. Ke6 Ng4 50. h3 Ne3 51. g4 Kc4 52.
g5 b5 53. Kf7 b4 54. h4 Nf5 55. h5 Nxe7 56. Kxe7 b3 57. g6 hxg6 58. hxg6 b2 59.
g7 b1=Q 60. g8=Q+ Kc3 61. Qc8+ Kb2 62. Qb8+ Ka2 63. Qg8+ Qb3 64. Qg2+ Ka3 65.
Kd6 Qb6+ 66. Kd7 a4 67. Qf3+ Qb3 68. Qf8+ Ka2 69. Qf2+ Kb1 70. Qe1+ Kb2 71.
Qd2+ Qc2 72. Qd4+ Kb1 73. Qb6+ Kc1 74. Qf6 Qd3+ 75. Ke8 a3 76. Qa1+ Kd2 77.
Qa2+ Ke3 78. Kf7 Qf1+ 79. Kg8 Qg1+ 80. Kh7 Qh1+ 81. Kg6 Qc6+ 82. Kh5 Qb5+ 83.
Kh6 Qb2 84. Qe6+ Kd2 85. Qd5+ Kc2 86. Qe4+ Kd1 87. Qh1+ 1/2-1/2

[Event "Hull CC ch A"]
[Site "Gatineau CAN"]
[Date "2006.03.14"]
[Round "4"]
[White "Pepin, Christian"]
[Black "Groleau, Gilles"]
[Result "1-0"]
[WhiteElo "2058"]
[BlackElo "2015"]
[PlyCount "117"]
[EventDate "2006.02.08"]
[EventType "tourn"]
[EventRounds "5"]
[EventCountry "CAN"]

1. e4 c5 2. Nf3 e6 3. c3 d5 4. exd5 exd5 5. d4 Bd6 6. Bg5 Ne7 7. Bd3 Nbc6 8.
dxc5 Bxc5 9. O-O O-O 10. Nbd2 f6 11. Bh4 Ne5 12. Nb3 Nxd3 13. Qxd3 Bb6 14. Nbd4
Bg4 15. Rfe1 Qd7 16. Bg3 Rad8 17. h3 Bxf3 18. Nxf3 Nf5 19. Bf4 g5 20. Bd2 h5
21. Re2 Ng3 22. Qg6+ Qg7 23. Qxg7+ Kxg7 24. Ree1 Rfe8 25. Rad1 Rxe1+ 26. Rxe1
Ne4 27. Be3 Bxe3 28. Rxe3 f5 29. Nd4 Kg6 30. f3 f4 31. Re2 Nf6 32. Kf2 Re8 33.
Ne6 Rc8 34. Re5 Kh6 35. Rf5 Nh7 36. Rxd5 Rc6 37. Nd4 Rb6 38. Rd6+ Nf6 39. Rxb6
axb6 40. Ke2 Kg6 41. Kd3 Nd5 42. Nc2 Kf5 43. Kd4 Nf6 44. a4 g4 45. hxg4+ hxg4
46. b4 gxf3 47. gxf3 Ke6 48. Ne1 Kf5 49. c4 Nd7 50. Nd3 Nf6 51. c5 bxc5+ 52.
Nxc5 b6 53. Nd3 Nd7 54. Kd5 Nf8 55. Kc6 Ne6 56. Kxb6 Nd4 57. Ne1 Ke5 58. a5 Kd6
59. a6 1-0

[Event "Hull CC ch A"]
[Site "Gatineau CAN"]
[Date "2006.03.21"]
[Round "5"]
[White "Arsenault, Michel"]
[Black "Pepin, Christian"]
[Result "0-1"]
[WhiteElo "1980"]
[BlackElo "2060"]
[PlyCount "144"]
[EventDate "2006.02.08"]
[EventType "tourn"]
[EventRounds "5"]
[EventCountry "CAN"]

1. c4 Nf6 2. g3 g6 3. Bg2 Bg7 4. Nc3 c5 5. e4 d6 6. Nge2 Bg4 7. h3 Be6 8. d4
cxd4 9. Nxd4 Qd7 10. b3 Nc6 11. Be3 O-O 12. Rc1 Rac8 13. Nxe6 Qxe6 14. O-O b6
15. Re1 Rfe8 16. Nd5 Qd7 17. Bg5 Na5 18. e5 Nxd5 19. Qxd5 Rc5 20. Qf3 Nc6 21.
Qd1 Nxe5 22. Be3 Rc7 23. Bd4 Nc6 24. Bxg7 Kxg7 25. Qd2 Qf5 26. Qd5 Ne5 27. Rcd1
Kg8 28. Re4 Nd7 29. Rf4 Qxd5 30. Bxd5 Nf6 31. Bg2 Rd8 32. Rfd4 Kf8 33. g4 Ne8
34. Bf3 e5 35. R4d2 Ke7 36. Kh2 Ng7 37. Bd5 f5 38. gxf5 Nxf5 39. Rg1 Rf8 40.
Rg4 Ng7 41. f4 exf4 42. Rf2 Nh5 43. Rh4 Kf6 44. Bf3 Kg5 45. Rg4+ Kh6 46. Rd2
Rf6 47. h4 Re7 48. Rg5 Ng7 49. Rgd5 Nf5 50. Re2 Rxe2+ 51. Bxe2 Nxh4 52. Kh3 f3
53. Bf1 Nf5 54. Rd3 Ng7 55. Kg3 g5 56. Rd2 f2 57. Kg2 Kg6 58. Bd3+ Kf7 59. Rd1
h5 60. Be2 g4 61. Rd5 Nf5 62. Rb5 Ne3+ 63. Kg3 f1=Q 64. Bxf1 Nxf1+ 65. Kh4 Ne3
66. Rxh5 Rg6 67. Kg3 Kf6 68. a4 Nf5+ 69. Kf4 Nd4 70. Rh1 g3 71. Ke3 g2 72. Rg1
Ke5 0-1

[Event "Hull CC ch A"]
[Site "Gatineau CAN"]
[Date "2006.03.21"]
[Round "5"]
[White "Groleau, Gilles"]
[Black "Mai, Lloyd"]
[Result "1/2-1/2"]
[WhiteElo "1975"]
[BlackElo "2023"]
[PlyCount "64"]
[EventDate "2006.02.08"]
[EventType "tourn"]
[EventRounds "5"]
[EventCountry "CAN"]

1. e4 c5 2. Nc3 g6 3. f4 Bg7 4. Nf3 d6 5. Bb5+ Nc6 6. d3 e6 7. Bxc6+ bxc6 8. e5
d5 9. O-O Ne7 10. Na4 Qa5 11. c4 Nf5 12. b3 Bf8 13. Qe1 Qxe1 14. Rxe1 Nd4 15.
Nxd4 cxd4 16. Bb2 dxc4 17. dxc4 c5 18. Ba3 Bd7 19. Bxc5 Bxa4 20. Bxf8 Kxf8 21.
bxa4 Rc8 22. Rac1 Ke7 23. Red1 Rhd8 24. c5 Rc6 25. Rc4 d3 26. Kf2 Rd5 27. Ke3
Rcxc5 28. Rxc5 Rxc5 29. Rxd3 Rc2 30. Rd2 Rc4 31. Rd4 Rc2 32. Rd2 Rc4 1/2-1/2

[Event "Hull CC ch B"]
[Site "Gatineau CAN"]
[Date "2006.02.21"]
[Round "1"]
[White "Villeneuve, Luc"]
[Black "Dallaire, Dominic"]
[Result "0-1"]
[WhiteElo "1591"]
[BlackElo "1837"]
[PlyCount "54"]
[EventDate "2006.02.08"]
[EventType "swiss"]
[EventRounds "5"]
[EventCountry "CAN"]

1. d4 Nf6 2. c4 g6 3. Nc3 Bg7 4. e4 d6 5. Nge2 O-O 6. Ng3 Nc6 7. Be2 e5 8. dxe5
Nxe5 9. f4 Nc6 10. O-O Re8 11. Be3 Bd7 12. c5 Bc8 13. cxd6 cxd6 14. h4 d5 15.
e5 d4 16. exf6 Bxf6 17. Nce4 dxe3 18. Qxd8 Bxd8 19. h5 Nd4 20. Bd3 Bg4 21. hxg6
hxg6 22. Nd6 e2 23. Nxe8 exf1=Q+ 24. Nxf1 Bb6 25. Nf6+ Kg7 26. Nd5 Nf3+ 27. Kh1
Rh8+ 0-1

[Event "Hull CC ch B"]
[Site "Gatineau CAN"]
[Date "2006.02.28"]
[Round "2"]
[White "Guimond, Michel"]
[Black "Villeneuve, Luc"]
[Result "0-1"]
[WhiteElo "1873"]
[BlackElo "1591"]
[PlyCount "79"]
[EventDate "2006.02.08"]
[EventType "swiss"]
[EventRounds "5"]
[EventCountry "CAN"]

1. e4 c5 2. Nf3 Nc6 3. d4 cxd4 4. Nxd4 Nf6 5. Nc3 d6 6. Bc4 a6 7. h3 Qc7 8. Be3
Ne5 9. Bb3 b5 10. O-O Bb7 11. Qe2 e6 12. f4 Ned7 13. Bxe6 fxe6 14. Nxe6 Qa5 15.
a3 b4 16. axb4 Qxb4 17. Ra4 Qxb2 18. Bd4 Nc5 19. Rb1 Qxb1+ 20. Nxb1 Nxe6 21. e5
Nxd4 22. Rxd4 dxe5 23. Qxe5+ Be7 24. c4 Kf7 25. Nc3 Rhc8 26. Kh2 Bc5 27. Rd1
Kg8 28. Nd5 Bxd5 29. cxd5 Re8 30. Qf5 Bd6 31. Rc1 a5 32. Rc6 Ne4 33. h4 a4 34.
Rc4 Nc5 35. h5 a3 36. h6 a2 37. Rc3 a1=Q 38. Rh3 Qf6 39. Qxf6 gxf6 40. Kg1 0-1

[Event "Hull CC ch B"]
[Site "Gatineau CAN"]
[Date "2006.02.28"]
[Round "2"]
[White "Laferriere, Bruno"]
[Black "Scantland, Patrick"]
[Result "1-0"]
[WhiteElo "1779"]
[BlackElo "1594"]
[PlyCount "69"]
[EventDate "2006.02.08"]
[EventType "swiss"]
[EventRounds "5"]
[EventCountry "CAN"]

1. e4 c5 2. Nf3 d6 3. d4 cxd4 4. Nxd4 Nf6 5. Nc3 a6 6. Be2 e5 7. Nb3 Be7 8. Bg5
Nbd7 9. a4 b6 10. Qd2 Bb7 11. Bf3 h6 12. Be3 Qc7 13. O-O Nc5 14. Nxc5 dxc5 15.
Nd5 Bxd5 16. exd5 Rd8 17. c4 Bd6 18. g3 Qd7 19. Bg2 Qg4 20. f4 O-O 21. b3 h5
22. Bf3 Qg6 23. Rae1 h4 24. fxe5 Bxe5 25. Bf4 Bd4+ 26. Kg2 hxg3 27. hxg3 Ne8
28. Rh1 Qf6 29. Bg5 Qd6 30. Bxd8 Qxd8 31. Re4 Qf6 32. Qd3 Qg6 33. Reh4 f5 34.
Rh8+ Kf7 35. Bh5 1-0

[Event "Hull CC ch B"]
[Site "Gatineau CAN"]
[Date "2006.02.28"]
[Round "2"]
[White "Libersan, Mattieu"]
[Black "Dallaire, Dominic"]
[Result "1-0"]
[WhiteElo "1799"]
[BlackElo "1796"]
[PlyCount "104"]
[EventDate "2006.02.08"]
[EventType "swiss"]
[EventRounds "5"]
[EventCountry "CAN"]

1. e4 e6 2. d4 d5 3. Nc3 Nf6 4. Bg5 Be7 5. e5 Nfd7 6. h4 h6 7. Bxe7 Qxe7 8. Qg4
O-O 9. Nf3 a6 10. Rh3 f5 11. Qf4 c5 12. Rg3 Kh8 13. h5 cxd4 14. Nh4 Kh7 15. Ng6
Qd8 16. Nxf8+ Qxf8 17. Ne2 Qb4+ 18. c3 Qxb2 19. Rc1 dxc3 20. Rcxc3 Nc6 21. Nc1
Ndxe5 22. Be2 Bd7 23. Rb3 Qd4 24. Qxd4 Nxd4 25. Rxb7 f4 26. Rc3 Nxe2 27. Nxe2
f3 28. gxf3 Rf8 29. f4 Bc8 30. Rb8 Nc4 31. Rg3 Kg8 32. Nd4 Bd7 33. Rb7 Rf7 34.
f5 Nd6 35. Rb8+ Rf8 36. Rxf8+ Kxf8 37. Nxe6+ Ke8 38. Nxg7+ Kf7 39. Rg6 Nxf5 40.
Nxf5 Bxf5 41. Rxh6 Bd3 42. Kd2 Bc4 43. a3 Kg7 44. Rc6 Bb5 45. Rc5 Bc4 46. Rxc4
dxc4 47. Kc3 Kh6 48. Kxc4 Kxh5 49. Kc5 Kg4 50. Kb6 a5 51. Kxa5 Kf3 52. Kb6 Kxf2
1-0

[Event "Hull CC ch B"]
[Site "Gatineau CAN"]
[Date "2006.03.14"]
[Round "3"]
[White "Dallaire, Dominic"]
[Black "Guimond, Michel"]
[Result "1-0"]
[WhiteElo "1795"]
[BlackElo "1873"]
[PlyCount "93"]
[EventDate "2006.02.08"]
[EventType "swiss"]
[EventRounds "5"]
[EventCountry "CAN"]

1. e4 g6 2. d4 Bg7 3. Be3 d6 4. Qd2 Nf6 5. f3 h6 6. Nc3 Nbd7 7. Bc4 e5 8. Nge2
a5 9. a4 exd4 10. Nxd4 Ne5 11. Bb3 Nc6 12. O-O-O Nxd4 13. Bxd4 O-O 14. g4 Be6
15. Bxe6 fxe6 16. g5 hxg5 17. Qxg5 Kh7 18. Kb1 Bh6 19. Qg2 e5 20. Bxe5 Qe8 21.
Bxf6 Rxf6 22. Nd5 Rf7 23. Rhg1 Qe6 24. Qg3 c6 25. Nc7 Rxc7 26. Rxd6 Qf7 27.
Rxg6 Bg7 28. Qh3+ Kg8 29. Rxg7+ Qxg7 30. Rxg7+ Rxg7 31. f4 Rd8 32. e5 Rd4 33.
f5 Rdg4 34. Ka2 Rxa4+ 35. Kb3 Rb4+ 36. Kc3 Rgg4 37. Qd3 b5 38. Qd8+ Kh7 39.
Qd7+ Kh8 40. b3 Rbe4 41. Qxc6 b4+ 42. Kb2 Re1 43. Qf6+ Kh7 44. e6 Rgg1 45. e7
Ra1 46. Qg6+ Rxg6 47. fxg6+ 1-0

[Event "Hull CC ch B"]
[Site "Gatineau CAN"]
[Date "2006.03.08"]
[Round "3"]
[White "Scantland, Patrick"]
[Black "Libersan, Mattieu"]
[Result "0-1"]
[WhiteElo "1594"]
[BlackElo "1799"]
[PlyCount "50"]
[EventDate "2006.02.08"]
[EventType "swiss"]
[EventRounds "5"]
[EventCountry "CAN"]

1. Nf3 g6 2. e4 Bg7 3. c4 d6 4. d4 Nf6 5. Nc3 O-O 6. Be2 Nc6 7. O-O e5 8. d5
Ne7 9. b4 a5 10. bxa5 Nd7 11. Nd2 f5 12. f3 f4 13. Nb3 Nf6 14. a4 g5 15. Ba3
Ng6 16. c5 Rf7 17. cxd6 cxd6 18. Nb5 Bf8 19. Bb4 Rg7 20. Nd2 Nh4 21. Nc4 g4 22.
Bxd6 g3 23. Bxf8 gxh2+ 24. Kxh2 Rxg2+ 25. Kh1 Qd7 0-1

[Event "Hull CC ch B"]
[Site "Gatineau CAN"]
[Date "2006.03.07"]
[Round "3"]
[White "Villeneuve, Luc"]
[Black "Laferriere, Bruno"]
[Result "0-1"]
[WhiteElo "1591"]
[BlackElo "1779"]
[PlyCount "78"]
[EventDate "2006.02.08"]
[EventType "swiss"]
[EventRounds "5"]
[EventCountry "CAN"]

1. Nf3 Nf6 2. d4 d5 3. Bg5 Nbd7 4. Nbd2 e6 5. e3 c5 6. c4 Be7 7. Bd3 b6 8. O-O
Bb7 9. h3 O-O 10. Bf4 Re8 11. Qc2 Rc8 12. Qb1 Nf8 13. b3 N6d7 14. a4 Bf6 15.
cxd5 exd5 16. a5 bxa5 17. Qa2 cxd4 18. Qxa5 dxe3 19. Qxd8 exf2+ 20. Rxf2 Bxd8
21. Rxa7 Nc5 22. Bf5 Bb6 23. Ra1 Nce6 24. Bg3 Ra8 25. Re1 Bxf2+ 26. Bxf2 g6 27.
Bd3 Nf4 28. Rxe8 Rxe8 29. Bb5 Ra8 30. Ba4 Ne2+ 31. Kh2 Nc3 32. Nd4 Nxa4 33.
bxa4 Rxa4 34. N4b3 Ra2 35. Bg3 Ne6 36. Nf3 d4 37. Ne1 d3 38. Nc1 Rxg2+ 39. Nxg2
d2 0-1

[Event "Hull CC ch B"]
[Site "Gatineau CAN"]
[Date "2006.03.14"]
[Round "4"]
[White "Guimond, Michel"]
[Black "Libersan, Mattieu"]
[Result "0-1"]
[WhiteElo "1873"]
[BlackElo "1799"]
[PlyCount "62"]
[EventDate "2006.02.08"]
[EventType "swiss"]
[EventRounds "5"]
[EventCountry "CAN"]

1. e4 e5 2. Bc4 Nc6 3. d4 exd4 4. c3 Nf6 5. cxd4 d5 6. exd5 Nxd5 7. Nf3 Bg4 8.
O-O Be7 9. Qb3 Na5 10. Qa4+ c6 11. Bxd5 Qxd5 12. Nc3 Qd8 13. Ne5 Be6 14. d5
Bxd5 15. Bd2 f6 16. Nxd5 Qxd5 17. Bxa5 fxe5 18. Rfe1 O-O 19. Bc3 Qf7 20. f3
Bc5+ 21. Kh1 Bd4 22. Re4 Bxc3 23. bxc3 Rfd8 24. Rae1 Rd2 25. c4 Qg6 26. g3 Qh5
27. R4e2 Qxf3+ 28. Kg1 Rxe2 29. Rxe2 Qxe2 30. Qb3 Rf8 31. c5+ Kh8 0-1

[Event "Hull CC ch B"]
[Site "Gatineau CAN"]
[Date "2006.03.21"]
[Round "5"]
[White "Laurin, Marcel"]
[Black "Jani, Louis"]
[Result "1-0"]
[WhiteElo "1717"]
[BlackElo "1416"]
[PlyCount "55"]
[EventDate "2006.02.08"]
[EventType "swiss"]
[EventRounds "5"]
[EventCountry "CAN"]

1. d4 c5 2. d5 Nf6 3. Nc3 d6 4. e4 a6 5. a3 e6 6. Nf3 exd5 7. Nxd5 Be7 8. Bd3
Be6 9. Nxe7 Qxe7 10. O-O c4 11. Be2 Nxe4 12. Qd4 Nf6 13. Bxc4 Nc6 14. Qh4 h6
15. Re1 d5 16. Bd3 O-O-O 17. Qa4 Qc5 18. b4 Qa7 19. b5 Nb8 20. Be3 Qa8 21. Rac1
a5 22. c4 Kd7 23. Ne5+ Ke8 24. Bb6 Rd6 25. Bc7 dxc4 26. Bxd6 cxd3 27. Nxd3 b6
28. Rc8+ 1-0

[Event "Hull CC ch B"]
[Site "Gatineau CAN"]
[Date "2006.03.21"]
[Round "5"]
[White "Libersan, Mattieu"]
[Black "Villeneuve, Luc"]
[Result "1-0"]
[WhiteElo "1799"]
[BlackElo "1591"]
[PlyCount "47"]
[EventDate "2006.02.08"]
[EventType "swiss"]
[EventRounds "5"]
[EventCountry "CAN"]

1. e4 c5 2. Nf3 Nc6 3. d4 cxd4 4. Nxd4 g6 5. Nc3 Bg7 6. Be3 a6 7. Bc4 Qc7 8.
Bb3 e6 9. O-O h6 10. f4 g5 11. Nxc6 bxc6 12. Qf3 Nf6 13. e5 g4 14. Qg3 Nh7 15.
Qxg4 Rg8 16. Ne4 Kf8 17. Bc5+ Ke8 18. Nd6+ Qxd6 19. Bxd6 Bb7 20. f5 Ng5 21.
fxe6 dxe6 22. Qh5 c5 23. Rxf7 Nxf7 24. Bxe6 1-0

[Event "Hull CC ch C"]
[Site "Gatineau CAN"]
[Date "2006.02.21"]
[Round "1"]
[White "Blouin, Francois"]
[Black "Levesque, Andre"]
[Result "1-0"]
[WhiteElo "1542"]
[BlackElo "1362"]
[PlyCount "103"]
[EventDate "2006.02.08"]
[EventType "swiss"]
[EventRounds "5"]
[EventCountry "CAN"]

1. e4 c5 2. Nc3 Nc6 3. d3 g6 4. Be3 d6 5. g3 Bg7 6. Qd2 e6 7. Bg2 Nge7 8. Bh6
O-O 9. Bxg7 Kxg7 10. Nf3 Rb8 11. O-O e5 12. Ng5 f6 13. Nh3 Be6 14. f4 exf4 15.
Nxf4 Bg8 16. Bh3 Nd4 17. Nd1 f5 18. c3 Ndc6 19. Bg2 Ne5 20. Ne3 Ng4 21. Nxg4
fxg4 22. Qe2 h5 23. Rf2 Nc6 24. b3 Ne5 25. Raf1 Qe7 26. Qd2 Kh7 27. Nd5 Bxd5
28. exd5 Nf3+ 29. Bxf3 gxf3 30. Rxf3 Rxf3 31. Rxf3 Rf8 32. Kg2 Re8 33. Kf2 g5
34. Qe3 Kg6 35. Qxe7 Rxe7 36. Re3 Rf7+ 37. Ke2 g4 38. Re6+ Rf6 39. Re7 Rf7 40.
Rxf7 Kxf7 41. Ke3 Kg6 42. Ke4 Kf6 43. c4 a5 44. d4 cxd4 45. Kxd4 b6 46. a3 Kf5
47. b4 axb4 48. axb4 Kf6 49. c5 bxc5+ 50. bxc5 Ke7 51. c6 Kd8 52. Ke4 1-0

[Event "Hull CC ch C"]
[Site "Gatineau CAN"]
[Date "2006.02.21"]
[Round "1"]
[White "Coulombe, Simon"]
[Black "Arsenault, Yves"]
[Result "1-0"]
[WhiteElo "1258"]
[BlackElo "1523"]
[PlyCount "73"]
[EventDate "2006.02.08"]
[EventType "swiss"]
[EventRounds "5"]
[EventCountry "CAN"]

1. e4 c5 2. Nf3 Nc6 3. c3 Nf6 4. e5 Nd5 5. Bc4 Nb6 6. Qb3 Nxc4 7. Qxc4 e6 8.
Na3 d5 9. exd6 a6 10. Qxc5 Bxd6 11. Qg5 O-O 12. Nc4 Be7 13. Qg3 f6 14. d4 b5
15. Ncd2 Bd6 16. Qg4 Re8 17. O-O Bb7 18. Re1 e5 19. dxe5 Nxe5 20. Nxe5 Bxe5 21.
Nf3 Bxf3 22. Qxf3 Bxh2+ 23. Kf1 Bc7 24. Rxe8+ Qxe8 25. Bf4 Bxf4 26. Qxf4 Qd8
27. a4 Qd3+ 28. Kg1 bxa4 29. Qxa4 Qe2 30. Qc6 Rd8 31. Qxa6 Rd1+ 32. Kh2 Qe5+
33. Kh3 Qf5+ 34. Kg3 Rd3+ 35. Kh2 Qf4+ 36. Kg1 Rd2 37. Qe6+ 1-0

[Event "Hull CC ch C"]
[Site "Gatineau CAN"]
[Date "2006.02.21"]
[Round "1"]
[White "Maisonneuve, Paul"]
[Black "Lamothe, Luc"]
[Result "1-0"]
[WhiteElo "1591"]
[BlackElo "1210"]
[PlyCount "53"]
[EventDate "2006.02.08"]
[EventType "swiss"]
[EventRounds "5"]
[EventCountry "CAN"]

1. d4 Nf6 2. Bf4 g6 3. e3 Bg7 4. Nf3 d5 5. h3 Bf5 6. c3 O-O 7. Bd3 Be4 8. Bxe4
dxe4 9. Ne5 Nbd7 10. Nd2 h6 11. Qc2 Nb6 12. Nxe4 Qd5 13. Nxf6+ exf6 14. Nf3 c6
15. O-O f5 16. Rfe1 f6 17. e4 Qd7 18. exf5 g5 19. Bh2 Nd5 20. Re6 Ne7 21. Rae1
Rfe8 22. Qe4 Bf8 23. Rxf6 Nd5 24. Re6 Nf6 25. Qc2 Bg7 26. Qb3 Kf8 27. Ne5 1-0

[Event "Hull CC ch C"]
[Site "Gatineau CAN"]
[Date "2006.02.21"]
[Round "1"]
[White "Thompson, Dan"]
[Black "Ralchenko, Maxim"]
[Result "0-1"]
[WhiteElo "1363"]
[BlackElo "1601"]
[PlyCount "60"]
[EventDate "2006.02.08"]
[EventType "swiss"]
[EventRounds "5"]
[EventCountry "CAN"]

1. d4 f5 2. e4 fxe4 3. Nc3 Nf6 4. Bg5 Nc6 5. d5 Ne5 6. Qd4 Nf7 7. Bxf6 exf6 8.
Nxe4 Be7 9. O-O-O O-O 10. d6 Nxd6 11. Nxd6 Bxd6 12. Bc4+ Kh8 13. f4 b6 14. Qe4
Rb8 15. f5 Bb7 16. Qg4 Re8 17. Ne2 Re4 18. Qh5 Rxc4 19. Rd3 Re4 20. Rh3 Qg8 21.
Ng3 Re7 22. Rg1 Bf4+ 23. Kb1 Bxg2 24. Rh4 Bxg3 25. hxg3 Rbe8 26. b3 Bd5 27. Kb2
Bf7 28. Qg4 Bd5 29. Qh5 h6 30. g4 Bf7 0-1

[Event "Hull CC ch C"]
[Site "Gatineau CAN"]
[Date "2006.02.28"]
[Round "2"]
[White "Arsenault, Yves"]
[Black "Berthiaume, Serge"]
[Result "1-0"]
[WhiteElo "1523"]
[BlackElo "1166"]
[PlyCount "113"]
[EventDate "2006.02.08"]
[EventType "swiss"]
[EventRounds "5"]
[EventCountry "CAN"]

1. e4 e5 2. Nf3 d6 3. Nc3 Be6 4. d4 exd4 5. Nxd4 Nf6 6. Nxe6 fxe6 7. Bc4 e5 8.
Bg5 Nbd7 9. Qf3 c6 10. O-O-O h6 11. Bd2 a6 12. Qf5 Qc7 13. f4 O-O-O 14. fxe5
dxe5 15. Be3 Kb8 16. Rd3 Bc5 17. Bd2 Bd4 18. Rd1 Nc5 19. Rf3 Bxc3 20. Bxc3
Rxd1+ 21. Kxd1 Rd8+ 22. Kc1 Ncxe4 23. Bxe5 Nd6 24. Rb3 Nxf5 25. Bxc7+ Kxc7 26.
Rf3 Nd5 27. Rxf5 Ne3 28. Rf7+ Kb8 29. Be2 Nxg2 30. Rxg7 Nf4 31. Bf3 h5 32. Rh7
Rg8 33. h4 Rg3 34. Bxh5 Nxh5 35. Rxh5 Kc7 36. Rh6 Kd7 37. h5 Ke7 38. Rh7+ Kf8
39. h6 Kg8 40. Rxb7 Rh3 41. Rb6 Rxh6 42. Rxa6 Kf7 43. a4 Rd6 44. b4 Ke7 45. c4
Kd7 46. Ra7+ Kc8 47. b5 Kb8 48. b6 c5 49. a5 Rc6 50. Kc2 Rd6 51. Kb3 Kc8 52.
Rc7+ Kb8 53. Rxc5 Rd3+ 54. Kb4 Kb7 55. Rc7+ Ka8 56. a6 Rd1 57. Rc8# 1-0

[Event "Hull CC ch C"]
[Site "Gatineau CAN"]
[Date "2006.02.28"]
[Round "2"]
[White "Berthiaume, Maxime"]
[Black "Thompson, Dan"]
[Result "0-1"]
[WhiteElo "929"]
[BlackElo "1477"]
[PlyCount "64"]
[EventDate "2006.02.08"]
[EventType "swiss"]
[EventRounds "5"]
[EventCountry "CAN"]

1. b3 Nf6 2. Bb2 d5 3. e3 c5 4. Bb5+ Bd7 5. Bxd7+ Nbxd7 6. Bxf6 Nxf6 7. Ne2 g6
8. Nf4 Bg7 9. Nc3 O-O 10. d4 Qa5 11. dxc5 Qxc3+ 12. Ke2 Ne4 13. Nxd5 Qxc5 14.
b4 Qxd5 15. Qxd5 Nc3+ 16. Kd3 Nxd5 17. Rad1 Nxb4+ 18. Kc4 Nxc2 19. Rd2 Rac8+
20. Kd3 Rfd8+ 21. Ke2 Rxd2+ 22. Kxd2 Nb4 23. a3 Rc2+ 24. Ke1 Nd3+ 25. Kd1 Ra2
26. h4 Nxf2+ 27. Ke1 Nxh1 28. g4 Ng3 29. Kd1 Bc3 30. Kc1 Nf1 31. h5 Nxe3 32.
Kb1 Ra1# 0-1

[Event "Hull CC ch C"]
[Site "Gatineau CAN"]
[Date "2006.02.28"]
[Round "2"]
[White "Dupont, Claude"]
[Black "Laurin, Marcel"]
[Result "0-1"]
[WhiteElo "1445"]
[BlackElo "1725"]
[PlyCount "92"]
[EventDate "2006.02.08"]
[EventType "swiss"]
[EventRounds "5"]
[EventCountry "CAN"]

1. e4 Nf6 2. e5 Nd5 3. c4 Nb6 4. Nc3 d6 5. exd6 cxd6 6. Nf3 g6 7. b3 Bg7 8. Bb2
O-O 9. Rb1 Nc6 10. Be2 e5 11. d3 f5 12. O-O Be6 13. Qd2 f4 14. Ne4 Bf5 15. Nc3
g5 16. h3 g4 17. hxg4 Bxg4 18. Nh2 Bxe2 19. Qxe2 Rf6 20. Ne4 Rh6 21. Qg4 Qe7
22. a3 Rf8 23. Qg5 Qxg5 24. Nxg5 Rg6 25. Ne4 Ne7 26. f3 Nf5 27. Rf2 Kh8 28. a4
Rg8 29. Ba3 Nd7 30. b4 Bf8 31. b5 Ne3 32. Ng4 Nxg4 33. fxg4 Rxg4 34. Bxd6 Bxd6
35. Nxd6 R8g6 36. Nxb7 f3 37. Rbb2 e4 38. dxe4 Ne5 39. Rbc2 Rxe4 40. Rxf3 Nxf3+
41. Kf2 Nd4 42. Rc3 Re2+ 43. Kf1 Rgxg2 44. c5 Rh2 45. Kg1 Reg2+ 46. Kf1 Ne2 0-1

[Event "Hull CC ch C"]
[Site "Gatineau CAN"]
[Date "2006.02.28"]
[Round "2"]
[White "Jani, Louis"]
[Black "Blouin, Francois"]
[Result "1/2-1/2"]
[WhiteElo "1367"]
[BlackElo "1542"]
[PlyCount "104"]
[EventDate "2006.02.08"]
[EventType "swiss"]
[EventRounds "5"]
[EventCountry "CAN"]

1. e4 e6 2. d4 d5 3. e5 c5 4. Nf3 Nc6 5. c3 Qb6 6. a3 c4 7. Qc2 Na5 8. Nbd2 Ne7
9. Rb1 Nf5 10. b3 cxb3 11. Nxb3 Be7 12. Nc5 Qc7 13. Bb5+ Nc6 14. Nb3 O-O 15.
Bd3 Bd7 16. g4 Nh4 17. Nxh4 Bxh4 18. Bxh7+ Kh8 19. Bd3 Ne7 20. Nd2 Bg5 21. h4
Bxd2+ 22. Bxd2 f5 23. Qd1 Be8 24. Qf3 Bg6 25. h5 Bh7 26. g5 g6 27. hxg6 Nxg6
28. Qh5 Rg8 29. Rh3 Rg7 30. Ke2 b6 31. Rbh1 a6 32. Qf3 b5 33. Rh6 Qf7 34. Rc1
Rb8 35. Rb1 Rb7 36. Rbh1 Qf8 37. Qh5 Qf7 38. Kf1 Kg8 39. Qh3 Kf8 40. Be2 Kg8
41. Bh5 Rc7 42. Ke2 Kh8 43. Kd3 Kg8 44. Kc2 Kh8 45. f4 Kg8 46. Kb3 Kh8 47. Bxg6
Rxg6 48. Qh5 Kg8 49. Rxg6+ Qxg6 50. Qxg6+ Bxg6 51. Rh6 Kg7 52. Kb4 Rc4+ 1/2-1/2